=LDR 00000nam 2200000 4500 =001 INLIS000000000018471 =005 20210519090659 =035 ##$$a 0010-061300000018471 =008 210519################g##########0#ind## =041 ##$$a Ind =082 ##$$a 338.94 =090 ##$$a 338.94, Bud d =100 1#$$a Budiarto, M =245 1#$$a Dasar-dasar integrasi ekonomi dan harmonisasi hukum masyarakat eropa /$c M. Budiarto =260 ##$$a Jakarta :$b Akademika pressindo,$c 1991 =300 ##$$a ix, 235 hlm ; $c 19 x 13 cm =650 #4$$a Eropa-Politik Ekonomi =850 ##$$a NBPNMAT =084 ##$$a 338.94 BUD d =250 ##$$a cet.1 =990 ##$$a 111.314/Pro.97 =990 ##$$a 111.315/Pro.97